| 000 | 00384nam a2200157Ia 4500 | ||
|---|---|---|---|
| 008 | 210716s2003 xx 000 0 und d | ||
| 020 | _a8178088339 | ||
| 041 | _aeng | ||
| 082 | _a519.5 HANJ | ||
| 100 | _aHanke, John E; Wichern, Dean W. | ||
| 245 | _aBusiness forecasting. | ||
| 250 | _a7 | ||
| 260 |
_aNew Delhi _bPearson Education _c2003 |
||
| 300 | _axiv,498 | ||
| 650 | _aNone | ||
| 999 |
_c199123 _d199123 |
||